000 00852nam a22002897a 4500
003 CHAP
005 20220329140750.0
008 971013s1961 r 00010 d
010 _a57268
011 _a58240
035 _a62395
040 _cCHAP
082 _a591.5
_bS56
100 0 0 _aSlobodkin, Lawrence B.
_9106881
245 _aGrowth and regulation of animal populations
260 _aNew York :
_bHolt, Rinehart and Winston,
_c1961
300 _a184 p.
_b: ilus.
490 _aBiology studies
504 _aBibliografía : p. 173-180
590 _aBATCH-UPD
_b10
_c20130110
_lUCH01
_h2055
590 _aCONVERSION
_b10
_c20130109
_lUCH01
_h1331
650 1 4 _aPoblaciones animales.
_989358
830 0 _aBiology studies
_912822
901 _aBK
942 _cLIBRO
949 _a591.5 S56
_bBC
_cLIBRO
_d33724000374559
_eLIBRO
_h4786
_i62395
_si
999 _c57268
_d57268